000 04159nam a2200457 a 4500
005 20101218144617.0
010 _aB-419582-601
020 _a9788131726280
_c385.00
035 _aB-419582-601
037 _bUBH
082 _a910.285
100 _aShashi Shekhar
_924925
245 _aSpatial databases:
_cby Shashi Shekhar [and] Sanjay Chawla
_ba tour /
260 _aNew Delhi
_bPearson Education
_c2009
270 _a14, Local Shopping Centre, Panchsheel Park
_bNew Delhi
_e110017
300 _axxiii, 262p.
_c25cm(pbk)
500 _aIncludes bibliiographical references and index
700 _aChawla, Sanjay
_924926
942 _2ddc
_cEN
_mSHA
_h910.285
999 _c35939
_d35939